000 00520nam a2200193Ia 4500
005 20250326143634.0
008 250326s9999 xx 000 0 und d
020 _a81-7808-027-3
037 _aTextbook
040 _aFMSL
_beng
_cFMSL
041 _aeng
_2eng
084 _aX512 N9
_qFMSL
100 _aGilbert D
_9735336
245 0 _aRetail marketing management
_cGilbert D
260 _aIndia
_bIndia, Pearson Education
_c1999
300 _a356p
942 _cTB
_hX512 N9
999 _c1300395
_d1300395